| 000 | 01445cam a22002174a 4500 | ||
|---|---|---|---|
| 999 |
_c1407 _d1407 |
||
| 003 | CoMeUDC | ||
| 005 | 20210803154258.0 | ||
| 008 | 040809s2002 kr ao gr 000 0 spa d | ||
| 020 | _a897375378903910 | ||
| 040 |
_aCOBoUEX _cCo-UdeC |
||
| 041 | 0 | _aspacor | |
| 043 | _aa-kr--- | ||
| 092 | 0 | 4 |
_a951.9 _bG943 |
| 245 | 0 | 0 |
_aGuía de la herencia cultural de Corea / _cServicio de Información de Corea. |
| 260 |
_aSeúl : _bServicio de Información de Corea, _c2003. |
||
| 300 |
_a382 p. : _bil., fotos, col. ; _c23 cm. |
||
| 505 | 2 | _aHanbok. Traje coreano, 12 -- Kimchi y bulgogui. Comida sana de Corea, 26 -- Hangeul. El alfabeto coreano, 44 -- Jeryeak. Música de los ritos antiguos de Jongmyo, 58 -- Teatro de baile de las máscaras, 78 -- Taekwondo, 92 -- Ginseng coreano, 106 -- Templo Bulguksa y templo gruta Seokguram, 118 -- Monte Seoraksan, 136 -- Artistas coreanos, 152 -- Herencia de imprenta, 168 -- Instrumentos musicales tradicionales, 182 -- Alfarería, 200 -- Dancheong. Colores decorativos utilizados para edificios, 216 -- Diseños, 230 -- Jangsingu. Adornos personales, 244 -- Jasu. Bordado, 258 -- Objetos de papel, 272 -- Bojagui. Pañuelo para envolver, 286 -- Pintura popular, 300 -- Costumbres de sesi. Ritos y festivales anuales, 314 -- Chamanismo, 328 -- Ritos y costumbres, 342 -- Sireum. Lucha coreana, 352 -- Jardines, 370 | |
| 650 | 0 |
_91780 _aCultura _zCorea |
|
| 650 | 0 |
_91781 _aHistoria _zCorea |
|
| 942 |
_2ddc _cBK |
||